Latvijas Novadu ģērboņi - Statistics

General Stats
  • This quiz has been taken 43 times
    17 since last reset
  • The average score is 10 of 36
Answer Stats
Picture Answer % Correct
Cēsis
67%
Gulbene
67%
Ogre
67%
Balvi
50%
Kuldīga
50%
Alūksne
33%
Augšdaugava
33%
Dienvidkurzeme
33%
Jēkabpils
33%
Jelgava
33%
Madona
33%
Preiļi
33%
Salaspils
33%
Saulkrasti
33%
Sigulda
33%
Tukums
33%
Ādaži
17%
Aizkraukle
17%
Bauska
17%
Dobele
17%
Krāslava
17%
Limbaži
17%
Līvāni
17%
Ludza
17%
Mārupe
17%
Olaine
17%
Rēzekne
17%
Ropaži
17%
Saldus
17%
Talsi
17%
Valka
17%
Valmiera
17%
Varakļāni
17%
Ventspils
17%
Ķekava
0%
Smiltene
0%
No matching quizzes found
Score Distribution
Percent of People with Each Score
Percentile by Number Answered
Your Score History
You have not taken this quiz since the last reset